| 000 | 01045nam a22001937a 4500 | ||
|---|---|---|---|
| 005 | 20090806114737.0 | ||
| 008 | 090806t xxu||||| |||| 00| 0 eng d | ||
| 080 |
_a347.78:026.06 _bJAY |
||
| 100 |
_aJayadevan S.Nair _917876 |
||
| 245 |
_aPerformer's rights in India _ba study with special reference to the audiovisual industry(Thesis) _cJayadevan S. Nair; guided by G. Sadasivan Nair |
||
| 300 | _axi, 648p. | ||
| 653 |
_aPhilosophy of performers rights - Thesis _aPerformers rights - U.K. -U.S.A. - France - European union - Thesis _aPerformers rights in audiovisuals _aAudiovisual industry - India |
||
| 700 |
_aSadasivan Nair, G, guided by _913228 |
||
| 942 | _cTH | ||
| 260 |
_aKochi _bSchool of Legal Studies, CUSAT _c2006 _91874 |
||
| 500 | _aThesis | ||
| 952 |
_w2009-08-06 _pG0008969 _r2009-08-06 _40 _00 _bUL _10 _o347.78.033(540) JAY T _d2009-08-06 _71 _cREF _2udc _yTH _aUL |
||
| 952 |
_w2011-11-08 _pT0000162 _r2011-11-08 _40 _00 _bUL _10 _o347.78:033(540) JAY ; 1 T _d2011-11-08 _71 _cREF _2udc _yTH _aUL |
||
| 999 |
_c2289 _d2289 |
||